Russian-speaking countries - Statistics

General Stats
  • This quiz has been taken 2,975 times
  • The average score is 15 of 19
Answer Stats
Hint Answer % Correct
Official Russia
99%
Secondary Ukraine
98%
Official Belarus
96%
Secondary Latvia
93%
Secondary Estonia
92%
Secondary Lithuania
92%
Secondary and (Official) Georgia (Abkhazia and South Ossetia)
89%
Secondary Uzbekistan
89%
Secondary Armenia
87%
Official Kazakhstan
87%
Secondary Turkmenistan
87%
Secondary and (Official) Moldova (Transnistria and Gagauzia)
86%
Official Tajikistan
85%
Secondary Azerbaijan
84%
Secondary Mongolia
82%
Official Kyrgyzstan
73%
(Official) Romania (Tulcea and Constana County)
64%
(Official) Norway (Spitsbergen)
29%
Secondary Israel
24%
No matching quizzes found
Score Distribution
Percent of People with Each Score
Percentile by Number Answered
Your Score History
You have not taken this quiz